000 00919nmm a2200313 a 4500
003 AR-BaBNM
005 20251128211631.0
008 175020s1999 ||||||||||||||000 | spa||
020 _a0 19 431922 9
040 _cAR-BaBNM
245 1 0 _aWinnie in winter
250 _a3th. ed.
260 _aOxford
_bOxford University Press
_c1999
300 0 _a26 p.
_bil., tablas
500 _aContiene diccionario con imágenes
500 0 _aEdición para estudiantes de inglés. Contiene actividades
650 4 _aLIBROS PARA NINOS
650 4 _aJUEGOS DIDACTICOS
650 4 _aLITERATURA INGLESA
650 4 _aLITERATURA CONTEMPORANEA
650 4 _aENSENANZA DE IDIOMAS
653 0 _aLITERATURA MARAVILLOSA
700 1 _aKorky, Paul
_eilustrador
700 1 _aThomas, Valerie
_eilustrador
700 1 _aCadwallader, Jane
_eadaptador
700 1 _aShipton, Paul
_eadaptador
942 _cBK
998 _cEugenia
999 _c20525
_d20525